000 00756nam a2200205 a 4500
003 0
005 20250228110100.0
008 100824s19uu xx 00 eng d
050 _aPGS RM 666.F35
_b.B641 2010
100 _aBlanco, Juny Ken N.
245 _aEffect of different anti-dandruff shampoos on Candida albicans /
_cJuny Ken N. Blanco.
260 _aLas PiƱas City, Philippines :
_bSouthville International School and Colleges,
_c2010.
300 _a25 pages :
_billustrations ;
_c28 cm.
504 _aIncludes bibliographical references.
650 _aDandruff
_vTreatment.
650 _aShampoos
_vAntifungal properties.
650 _aCandida albicans
_vEffect of drugs on.
650 _aAntifungal agents
_vEvaluation.
942 _2lcc
_cPASS
999 _c98372
_d98372